Do You Know These Anime? (Updated at 5 May 2016) - Statistics

General Stats
  • This quiz has been taken 501 times
    492 since last reset
  • The average score is 26 of 122
Answer Stats
Hint Anime % Correct
No Blood, No Bones, No Ash K
86%
Kill Them by Writing into a Notebook Death Note
82%
Pirate King One Piece
82%
A Black Swordsman Sword Art Online
82%
Black, Demon and Young Earl Black Butler
81%
Die in One Punch One Punch Man
81%
Hybrid Ghoul Tokyo Ghoul
81%
Food Porn Food Wars!: Shokugeki no Soma
77%
Hidden Leaf Village Naruto
75%
7 Balls to Summon Dragons Dragon Ball
73%
Levi Cleaning Attack on Titan
67%
Gotta Catch 'em All Pokemon
63%
Volleyball Haikyu!!
60%
YUKIO OKUMURA MLG Blue Exorcist
59%
Swimming Shows FREE!
57%
Death Weapon Meister Academy Soul Eater
57%
Yandere Queen The Future Diary
57%
Mach 20 Assassination Classroom
54%
Time to Du-Du-Duel Yu-Gi-Oh
53%
Schoolgirl and Zombies High School of the Dead
52%
Light Music Club K-ON!
52%
BANKAI! Bleach
49%
All Affairs MUST SETTLED by Games No Game No Life
46%
Transmutation Circle Fullmetal Alchemist
44%
Headless Rider Durarara!!
41%
Another Basketball Anime Kuroko's Basketball
41%
Poor God that Does Not Have a Shrine Noragami
40%
Palmtop Tiger Toradora!
36%
Schoolgirls and Demon, 90% Researchable High School DxD
35%
A True Basketball Anime Slam Dunk
35%
Demon Works in MacDonald The Devil is a Part-Timer!
35%
Class 3-3, Class of Death Another
33%
Live, Die, Repeat in the Fantasy World Re:Zero
33%
SSS Angel Beats!
31%
Powerless Lives in the World of Superpowers My Hero Academia
31%
Travel Back in Time... To Save Them From Being Kidnapped and Murdered ERASED
29%
Difference between Manga and Anime? No Blood Fairy Tail
29%
Tennis Prince of Tennis
29%
Vampire Tragedy Romance Vampire Knight
28%
Dango Family Clannad
27%
Equivelant to 'Sayonara Piano Sonata', But Different Ending Your Lie in April
26%
Robot Boy Astro Boy
21%
An Anime that always Break Fourth Wall Gintama
21%
Another Black Swordsman Berserk
19%
Merchant and Wolf Girl Spice and Wolf
19%
Three Keys, One Locket Nisekoi: False Love
18%
Snow White Snow White with the Red Hair
18%
Super Sexy Battle Suit, Made by German Kill la Kill
16%
Nine School Idols Love Live!
16%
Energy Saving Student with Good Detective Skills Hyouka
14%
Monster Girls Harem Monster Musume
14%
The Most Pessimistic Anime Character is Located in this Anime Neon Genesis Evangelion
14%
Boom or Be Boomed BTOOOM!
13%
A Sister who Keeps Eroge OreImo
13%
SOS Brigade The Melancholy of Haruhi Suzumiya
13%
A Doofus with a Bounty of $$ 60 billion Trigun
13%
Literature Superpowers Bungou Stray Dogs
11%
Go Date Those Spirit To Seal Their Power. And Stay Alive. Date A Live
11%
Secret Base Anohana: The Flower We Saw That Day
10%
Spin to Win Beyblade
10%
Toyota SPRINTER TRUENO GT-APEX Initial D
10%
Main Character Ending - Get Killed by Yandere School Days
10%
Exorcist Couple Twin Star Exorcist
10%
Terrorist Assault Terror in Resonance
9%
Saving the Theme Park Amagi Brilliant Park
8%
Robot Cat Doraemon
8%
The Service Club My Teen Romantic Comedy SNAFU
8%
Many Theories about Kirito and Asuna Daughter Accel World
7%
New York City, or Hell Salem's Lot Blood Blockade Battlefront
7%
An Anime Talks about Candy Dagashi Kashi
7%
The King of Swag - Swagamoto Haven't You Heard? I'm Sakamoto
7%
Loli and Zombies School-Live!
7%
Amnesia, Lawyer, College and Romance Golden Time
6%
Godness with Big Boobs Is It Wrong to Try to Pick Up Girls in a Dungeon?
6%
Earthquake Tokyo Magnitude 8.0
6%
You Don't Need to Know This Horror Anime... Not Corpse Party When They Cry
6%
DL-6 Incident Ace Attorney
5%
Glasses Fetish Beyond the Boundary
5%
When Modern Warfare Meets Magic and Fantasies Gate
5%
Giftia Plastic Memories
5%
Unlicensed Surgeon Black Jack
4%
A Useful but Useless Butler Hayate the Combat Butler
4%
Imouto with Two Personalities Himouto! Umaru-chan
4%
One Week Memory One Week Friends
4%
Zodiac Saint Seiya
4%
You Say 'F*ck' and You'll be Prisoned Shimoneta: A Boring World Where the Concept of Dirty Jokes Doesn't Exist
4%
A Show How Anime is Produced Shirobako
4%
Listlessness Tanaka-kun is Always Listless
4%
GTA Anime GANGSTA.
3%
Object Heavy Object
3%
A Talking Motorcycle Kino's Journey
3%
That Butler is a Boy... I mean a Girl! Mayo Chiki!
3%
Cute Girl Basketball Team Ro-Kyu-Bu - Fast Break!
3%
Stepsisters and Devils, 95% Researchable The Testament of Sister New Devil
3%
Genius Otaku The World God Only Knows
3%
A 17-Years-Old Midget WORKING!!
3%
Spy Joker Game
2%
A Baseball Team Story by Jun Madea Little Buster!
2%
Sakiko Yumeno Monthly Girls' Nozaki-kun
2%
Zombie Romance Sankarea: Undying Love
2%
Human Can't Die or Birth as God Adandoned Them Sunday Without God
2%
Mochi Tamako Market
2%
30 People in a Shady Tour Bus The Lost Valley
2%
A Girl Eats Books and Smart in Literature Book Girl
1%
Twintail Fetish Gonna be the Twin-tail!!
1%
Combination of Music and Mystery Haruchika: Haruta and Chika
1%
A Detective NEET Team Heaven's Memo Pad
1%
Remaked by Kyoto Animation Kanon
1%
Country Relaxation Anime Non Non Biyori
1%
Brother Sister Romance The Irregular at Magic High School
1%
The Creation of Zero Fighter The Wind Rises
1%
Godot's Twin Brother Tiger and Bunny
1%
Former Scientific Prodigy and Current Hopeless Otaku Ultimate Otaku Teacher
1%
Devil Z Wangan Midnight
1%
A Farewell Kiss at the Airport White Album 2
1%
Shepard, Fate-Changer and Librarians A Good Librarian like a Good Shepard
0%
Roxcheanuk Confederation Allison and Lillia
0%
Department of No Tomorrow Aria the Scarlet Ammo
0%
À la recherche du futur perdu In Search of the Lost Future
0%
A Talking Bear KumaMiko - Girl Meets Bear
0%
The ONLY Korean Game turns into Japanese Anime Maple Story
0%
Last Clan-Girl Standing Red Data Girl
0%
No matching quizzes found
Score Distribution
Percent of People with Each Score
Percentile by Number Answered
Your Score History
You have not taken this quiz since the last reset